Statistiques concernant Culture Générale - Série 758

Cliquez ici pour prendre le quiz!

Statistiques générales

  • Ce quiz a été pris 97 fois
  • Le résultat moyen est 6 sur 10

Statistiques - réponses

QuestionRéponse% Correct
Outre la France et le Luxembourg, quel pays est traversé par la Moselle ?Allemagne
92%
De quel pays d'Amérique l'alcool baptisé mescal est-il originaire ?Mexique
88%
Quelle ville d'Italie surnomme-t-on "la Sérénissime" ?Venise
87%
Quel chanteur britannique à lunettes a longtemps été le président du club de football de Watford ?Elton John
67%
Complétez le titre du film réalisé en 1939 par Jean Renoir, "La règle du ...jeu
64%
Quel acteur est "Le Bon", dans le film de Sergio Leone : "Le Bon, la Brute et le Truand" ?Clint Eastwood
63%
Quelle variété d'esturgeon produit le caviar le plus cher et le plus recherché ?béluga
44%
Complétez le titre du film réalisé en 1973 par Jean Eustache, "La maman et la ...putain
31%
Sur le drapeau du Brésil est écrite la devise du pays : "Ordre et...Progrès
26%
Dans les années 70, Santana rencontre le succès avec le titre : "Black Magic...Woman
17%

Distribution des résultats

Percentile par nombre de réponses

% des personnes avec chaque résultat

Votre développement - résultats

Vous n’avez pas pris ce quiz